[Event "World Chess Olympiad 2018"]
[Site "Batumi"]
[Date "2018.09.26"]
[Round "3"]
[Board "3"]
[WhiteFideId "8501246"]
[White "Balogun Oluwafemi"]
[BlackFideId "3701166"]
[Black "Almiron Antonio"]
[Result "1/2-1/2"]
[LiveChessVersion "1.4.8"]
[BlackElo "2358"]
[WhiteElo "2275"]

1. Nf3 {[%clk 1:28:33]} d5 {[%clk 1:30:44]} 2. g3 {[%clk 1:28:24]} Nf6
{[%clk 1:30:40]} 3. Bg2 {[%clk 1:27:21]} e6 {[%clk 1:30:29]} 4. d3
{[%clk 1:25:39]} Be7 {[%clk 1:30:35]} 5. Nbd2 {[%clk 1:24:39]} c5
{[%clk 1:30:58]} 6. e4 {[%clk 1:23:44]} Nc6 {[%clk 1:30:55]} 7. O-O
{[%clk 1:23:15]} b6 {[%clk 1:30:58]} 8. Re1 {[%clk 1:21:38]} Bb7 {[%clk 1:31:06]}
9. a3 {[%clk 1:19:19]} Qc7 {[%clk 1:30:35]} 10. Qe2 {[%clk 1:17:17]} O-O-O
{[%clk 1:24:08]} 11. e5 {[%clk 1:12:44]} Nd7 {[%clk 1:24:03]} 12. Nf1
{[%clk 1:13:09]} h6 {[%clk 1:23:57]} 13. h4 {[%clk 1:04:41]} Rdg8
{[%clk 1:23:47]} 14. N1h2 {[%clk 1:00:23]} g5 {[%clk 1:18:37]} 15. hxg5
{[%clk 0:56:32]} hxg5 {[%clk 1:19:06]} 16. Ng4 {[%clk 0:56:51]} Kb8
{[%clk 1:06:14]} 17. Bd2 {[%clk 0:55:20]} Qd8 {[%clk 1:03:29]} 18. Rab1
{[%clk 0:42:17]} Qf8 {[%clk 1:03:38]} 19. c3 {[%clk 0:36:13]} Qg7
{[%clk 1:00:44]} 20. b4 {[%clk 0:34:00]} Rh5 {[%clk 1:00:28]} 21. Nfh2
{[%clk 0:23:30]} Rgh8 {[%clk 0:53:24]} 22. Nf1 {[%clk 0:22:22]} d4
{[%clk 0:45:12]} 23. f3 {[%clk 0:22:31]} dxc3 {[%clk 0:37:49]} 24. Bxc3
{[%clk 0:20:45]} Qh7 {[%clk 0:37:16]} 25. b5 {[%clk 0:18:50]} Nd4
{[%clk 0:37:34]} 26. Bxd4 {[%clk 0:15:25]} cxd4 {[%clk 0:38:03]} 27. Nd2
{[%clk 0:08:04]} Qf5 {[%clk 0:33:40]} 28. Rf1 {[%clk 0:00:32]} Bxa3
{[%clk 0:32:32]} 29. Nc4 {[%clk 0:00:38]} Bc5 {[%clk 0:33:01]} 30. Ra1
{[%clk 0:00:43]} Bd5 {[%clk 0:32:26]} 31. Rfc1 {[%clk 0:00:32]} Rc8
{[%clk 0:29:54]} 32. Qa2 {[%clk 0:00:31]} Rc7 {[%clk 0:30:15]} 33. Qe2
{[%clk 0:00:39]} Rh8 {[%clk 0:30:15]} 34. Nd6 {[%clk 0:00:32]} Qh7
{[%clk 0:30:02]} 35. Ne4 {[%clk 0:00:36]} Bxe4 {[%clk 0:29:45]} 36. Qxe4
{[%clk 0:00:38]} Qxe4 {[%clk 0:30:13]} 37. fxe4 {[%clk 0:01:06]} Rhc8
{[%clk 0:29:55]} 38. Rf1 {[%clk 0:00:38]} Nf8 {[%clk 0:29:36]} 39. Rf6
{[%clk 0:00:32]} Ng6 {[%clk 0:29:42]} 40. Raf1 {[%clk 0:30:43]} Rf8
{[%clk 1:00:10]} 41. R6f2 {[%clk 0:22:54]} Kc8 {[%clk 0:53:06]} 42. Bf3
{[%clk 0:20:48]} Kd8 {[%clk 0:52:31]} 1/2-1/2

[Event "World Chess Olympiad 2018"]
[Site "Batumi"]
[Date "2018.09.26"]
[Round "3"]
[Board "4"]
[WhiteFideId "3700305"]
[White "Jodorcovsky Werjivker Paulo"]
[BlackFideId "8504580"]
[Black "Anwuli Daniel"]
[Result "0-1"]
[LiveChessVersion "1.4.8"]
[BlackElo "2267"]
[WhiteElo "2275"]

1. d4 {[%clk 1:30:54]} Nf6 {[%clk 1:29:03]} 2. c4 {[%clk 1:31:20]} e6
{[%clk 1:29:13]} 3. Nc3 {[%clk 1:31:37]} d5 {[%clk 1:29:30]} 4. cxd5
{[%clk 1:31:52]} Nxd5 {[%clk 1:27:57]} 5. e4 {[%clk 1:32:18]} Nxc3
{[%clk 1:28:14]} 6. bxc3 {[%clk 1:32:45]} c5 {[%clk 1:28:37]} 7. Nf3
{[%clk 1:33:13]} cxd4 {[%clk 1:28:45]} 8. cxd4 {[%clk 1:33:39]} Bb4+
{[%clk 1:28:59]} 9. Bd2 {[%clk 1:34:05]} Bxd2+ {[%clk 1:29:24]} 10. Qxd2
{[%clk 1:34:31]} O-O {[%clk 1:29:35]} 11. Bc4 {[%clk 1:33:53]} Nc6
{[%clk 1:27:50]} 12. O-O {[%clk 1:33:04]} Na5 {[%clk 1:27:28]} 13. Bd3
{[%clk 1:32:58]} b6 {[%clk 1:27:33]} 14. Rad1 {[%clk 1:31:43]} Bb7
{[%clk 1:27:48]} 15. d5 {[%clk 1:23:58]} exd5 {[%clk 1:22:13]} 16. e5
{[%clk 1:24:23]} Nc4 {[%clk 0:54:04]} 17. Qf4 {[%clk 1:19:08]} Qe7
{[%clk 0:49:02]} 18. Rfe1 {[%clk 0:47:04]} Rae8 {[%clk 0:26:25]} 19. Nd4
{[%clk 0:19:34]} f6 {[%clk 0:06:49]} 20. e6 {[%clk 0:14:36]} Nd6 {[%clk 0:05:01]}
21. Re3 {[%clk 0:10:41]} g6 {[%clk 0:04:14]} 22. h4 {[%clk 0:08:27]} Kh8
{[%clk 0:01:55]} 23. Rh3 {[%clk 0:08:08]} Ne4 {[%clk 0:01:12]} 24. h5
{[%clk 0:05:02]} g5 {[%clk 0:01:35]} 25. Qe3 {[%clk 0:03:12]} f5 {[%clk 0:01:15]}
26. f3 {[%clk 0:03:21]} f4 {[%clk 0:01:10]} 27. Qe1 {[%clk 0:02:13]} Nc5
{[%clk 0:00:55]} 28. Bf5 {[%clk 0:02:04]} Qf6 {[%clk 0:01:09]} 29. h6
{[%clk 0:01:32]} Bc8 {[%clk 0:01:19]} 30. Qd2 {[%clk 0:00:52]} Rd8
{[%clk 0:00:42]} 31. e7 {[%clk 0:00:55]} Qxe7 {[%clk 0:00:45]} 32. Nc6
{[%clk 0:01:23]} Qf6 {[%clk 0:00:49]} 33. Bxc8 {[%clk 0:00:51]} Qxc6
{[%clk 0:00:47]} 34. Bg4 {[%clk 0:01:10]} Qf6 {[%clk 0:00:48]} 35. Re1
{[%clk 0:01:20]} d4 {[%clk 0:01:09]} 36. Rh5 {[%clk 0:00:51]} d3 {[%clk 0:01:26]}
37. g3 {[%clk 0:01:06]} Rfe8 {[%clk 0:01:29]} 38. gxf4 {[%clk 0:00:33]} Rxe1+
{[%clk 0:01:10]} 39. Qxe1 {[%clk 0:01:00]} d2 {[%clk 0:01:32]} 40. Qd1
{[%clk 0:31:22]} Qd4+ {[%clk 0:31:43]} 41. Kg2 {[%clk 0:31:36]} Nd3
{[%clk 0:31:49]} 0-1

[Event "World Chess Olympiad 2018"]
[Site "Batumi"]
[Date "2018.09.26"]
[Round "3"]
[Board "1"]
[WhiteFideId "4500261"]
[White "Kulaots Kaido"]
[BlackFideId "5300118"]
[Black "Eid Fadi"]
[Result "1-0"]
[LiveChessVersion "1.4.8"]
[BlackElo "2328"]
[WhiteElo "2542"]

1. e4 {[%clk 1:30:56]} e5 {[%clk 1:30:50]} 2. Nf3 {[%clk 1:31:09]} Nf6
{[%clk 1:31:12]} 3. Nxe5 {[%clk 1:31:28]} d6 {[%clk 1:31:34]} 4. Nf3
{[%clk 1:31:45]} Nxe4 {[%clk 1:31:57]} 5. d4 {[%clk 1:31:15]} Bg4
{[%clk 1:32:19]} 6. Bd3 {[%clk 1:30:44]} Nf6 {[%clk 1:32:40]} 7. h3
{[%clk 1:28:33]} Bh5 {[%clk 1:32:33]} 8. Nc3 {[%clk 1:26:15]} c6 {[%clk 1:25:40]}
9. g4 {[%clk 1:22:23]} Bg6 {[%clk 1:25:29]} 10. g5 {[%clk 1:13:30]} Bxd3
{[%clk 1:08:29]} 11. Qxd3 {[%clk 1:09:55]} Nh5 {[%clk 1:08:15]} 12. Bd2
{[%clk 1:08:30]} Be7 {[%clk 1:08:07]} 13. O-O-O {[%clk 1:07:19]} O-O
{[%clk 1:02:46]} 14. Ne4 {[%clk 0:56:56]} d5 {[%clk 0:59:58]} 15. Ng3
{[%clk 0:57:13]} Nxg3 {[%clk 1:00:21]} 16. fxg3 {[%clk 0:57:38]} Nd7
{[%clk 0:59:22]} 17. h4 {[%clk 0:57:44]} Nb6 {[%clk 0:57:54]} 18. Ne5
{[%clk 0:49:56]} Bd6 {[%clk 0:50:59]} 19. h5 {[%clk 0:46:55]} Bxe5
{[%clk 0:42:54]} 20. dxe5 {[%clk 0:47:20]} Nd7 {[%clk 0:42:15]} 21. g6
{[%clk 0:34:41]} Nc5 {[%clk 0:31:31]} 22. gxh7+ {[%clk 0:31:19]} Kh8
{[%clk 0:29:42]} 23. Qf3 {[%clk 0:28:59]} a5 {[%clk 0:27:28]} 24. Be3
{[%clk 0:24:56]} Ne6 {[%clk 0:26:14]} 25. g4 {[%clk 0:23:14]} Qe7
{[%clk 0:25:01]} 26. Qf5 {[%clk 0:19:15]} Rad8 {[%clk 0:23:03]} 27. Kb1
{[%clk 0:17:52]} d4 {[%clk 0:21:21]} 28. Bc1 {[%clk 0:18:17]} Rd5
{[%clk 0:19:45]} 29. g5 {[%clk 0:17:14]} Nc5 {[%clk 0:14:11]} 30. g6
{[%clk 0:16:16]} Rxe5 {[%clk 0:10:53]} 31. Qg4 {[%clk 0:09:23]} Re4
{[%clk 0:09:45]} 32. Qg3 {[%clk 0:09:12]} fxg6 {[%clk 0:00:45]} 33. hxg6
{[%clk 0:08:37]} Ne6 {[%clk 0:00:33]} 34. Rhe1 {[%clk 0:07:37]} Rxe1
{[%clk 0:00:42]} 35. Rxe1 {[%clk 0:07:58]} Qf6 {[%clk 0:01:08]} 36. a3
{[%clk 0:07:06]} c5 {[%clk 0:01:19]} 37. Qg4 {[%clk 0:02:20]} Nc7
{[%clk 0:00:55]} 38. Qd7 {[%clk 0:02:01]} d3 {[%clk 0:00:45]} 39. Qxd3 Ne6 40.
Qe4 {[%clk 0:31:10]} Nd4 {[%clk 0:31:18]} 1-0

[Event "World Chess Olympiad 2018"]
[Site "Batumi"]
[Date "2018.09.26"]
[Round "3"]
[Board "2"]
[WhiteFideId "5300380"]
[White "El Jawich Amro"]
[BlackFideId "4500024"]
[Black "Ladva Ottomar"]
[Result "1-0"]
[LiveChessVersion "1.4.8"]
[BlackElo "2500"]
[WhiteElo "2276"]

1. e4 {[%clk 1:30:56]} g6 {[%clk 1:30:56]} 2. d4 {[%clk 1:31:16]} Bg7
{[%clk 1:31:25]} 3. Nc3 {[%clk 1:31:25]} d6 {[%clk 1:30:34]} 4. Be3
{[%clk 1:30:57]} a6 {[%clk 1:30:58]} 5. f4 {[%clk 1:30:13]} b5 {[%clk 1:29:46]}
6. Bd3 {[%clk 1:29:37]} Bb7 {[%clk 1:29:23]} 7. Nf3 {[%clk 1:24:34]} Nd7
{[%clk 1:27:41]} 8. Qe2 {[%clk 1:22:32]} c5 {[%clk 1:26:46]} 9. dxc5
{[%clk 1:21:57]} Nxc5 {[%clk 1:17:28]} 10. Bxc5 {[%clk 1:21:03]} dxc5
{[%clk 1:15:05]} 11. e5 {[%clk 1:20:46]} Nh6 {[%clk 1:10:40]} 12. O-O-O
{[%clk 1:03:09]} Qa5 {[%clk 1:08:40]} 13. Kb1 {[%clk 1:00:31]} O-O
{[%clk 1:05:57]} 14. Be4 {[%clk 0:57:16]} Bxe4 {[%clk 1:05:16]} 15. Nxe4
{[%clk 0:54:14]} c4 {[%clk 1:05:40]} 16. Rd7 {[%clk 0:46:55]} Rfc8
{[%clk 1:04:19]} 17. Rhd1 {[%clk 0:37:49]} b4 {[%clk 0:55:45]} 18. Rxe7
{[%clk 0:27:56]} c3 {[%clk 0:47:30]} 19. Nd6 {[%clk 0:23:03]} Rd8
{[%clk 0:38:38]} 20. Ng5 {[%clk 0:18:29]} b3 {[%clk 0:28:34]} 21. cxb3
{[%clk 0:13:55]} Bf8 {[%clk 0:16:50]} 22. Rxf7 {[%clk 0:12:03]} Bxd6
{[%clk 0:14:36]} 23. Qc4 {[%clk 0:07:54]} Qb5 {[%clk 0:11:40]} 24. Qe6
{[%clk 0:04:41]} c2+ {[%clk 0:04:59]} 25. Kxc2 {[%clk 0:05:05]} Qe2+
{[%clk 0:02:20]} 26. Rd2 {[%clk 0:04:52]} Qxd2+ {[%clk 0:01:31]} 27. Kxd2
{[%clk 0:05:13]} Be7+ {[%clk 0:01:08]} 28. Ke2 {[%clk 0:04:46]} Bxg5
{[%clk 0:01:23]} 29. Rc7+ {[%clk 0:04:25]} 1-0

[Event "World Chess Olympiad 2018"]
[Site "Batumi"]
[Date "2018.09.26"]
[Round "3"]
[Board "3"]
[WhiteFideId "4501950"]
[White "Volodin Aleksandr"]
[BlackFideId "5300398"]
[Black "Tomb Maroun"]
[Result "1-0"]
[LiveChessVersion "1.4.8"]
[BlackElo "2177"]
[WhiteElo "2457"]

1. d4 {[%clk 1:30:56]} d6 {[%clk 1:30:52]} 2. e4 {[%clk 1:28:43]} Nf6
{[%clk 1:31:01]} 3. Bd3 {[%clk 1:29:11]} e5 {[%clk 1:30:58]} 4. c3
{[%clk 1:29:31]} Nc6 {[%clk 1:30:35]} 5. Nf3 {[%clk 1:28:42]} g6 {[%clk 1:29:54]}
6. O-O {[%clk 1:17:35]} Bg7 {[%clk 1:30:18]} 7. Re1 {[%clk 1:14:15]} O-O
{[%clk 1:30:24]} 8. h3 {[%clk 1:12:34]} h6 {[%clk 1:30:26]} 9. Nbd2
{[%clk 1:10:03]} Re8 {[%clk 1:28:46]} 10. Nf1 {[%clk 1:05:05]} Kh7
{[%clk 1:24:16]} 11. Ng3 {[%clk 1:04:38]} a5 {[%clk 1:12:59]} 12. a4
{[%clk 1:01:09]} Qe7 {[%clk 1:04:31]} 13. Qb3 {[%clk 0:55:23]} Nd7
{[%clk 0:41:10]} 14. Be3 {[%clk 0:53:03]} f6 {[%clk 0:40:09]} 15. Rad1
{[%clk 0:48:13]} h5 {[%clk 0:40:02]} 16. Bb5 {[%clk 0:44:27]} Bh6
{[%clk 0:38:01]} 17. Nf1 {[%clk 0:37:11]} Nd8 {[%clk 0:35:09]} 18. Bxh6
{[%clk 0:28:27]} Kxh6 {[%clk 0:35:27]} 19. Ne3 {[%clk 0:28:33]} c6
{[%clk 0:24:21]} 20. Bf1 {[%clk 0:27:52]} Nf8 {[%clk 0:22:05]} 21. Nc4
{[%clk 0:26:29]} Nf7 {[%clk 0:16:34]} 22. Rd2 {[%clk 0:19:49]} g5
{[%clk 0:12:23]} 23. Nb6 {[%clk 0:19:29]} Rb8 {[%clk 0:12:22]} 24. Bc4
{[%clk 0:18:57]} Be6 {[%clk 0:07:30]} 25. d5 {[%clk 0:19:11]} cxd5
{[%clk 0:07:24]} 26. Bxd5 {[%clk 0:19:31]} Qc7 {[%clk 0:06:44]} 27. Red1
{[%clk 0:18:54]} Kg6 {[%clk 0:05:53]} 28. Nh2 {[%clk 0:16:52]} Rbd8
{[%clk 0:03:25]} 29. Nf1 {[%clk 0:17:15]} Nh6 {[%clk 0:02:58]} 30. Ne3
{[%clk 0:17:03]} Qc5 {[%clk 0:02:36]} 31. Nbc4 {[%clk 0:16:40]} g4
{[%clk 0:01:48]} 32. Bxe6 {[%clk 0:15:12]} Nxe6 {[%clk 0:01:37]} 33. Nxd6
{[%clk 0:13:43]} g3 {[%clk 0:01:22]} 34. Nxe8 {[%clk 0:12:44]} gxf2+
{[%clk 0:01:19]} 35. Rxf2 {[%clk 0:11:25]} Rxe8 {[%clk 0:01:02]} 36. Nd5
{[%clk 0:09:18]} Rf8 {[%clk 0:00:44]} 37. Qxb7 {[%clk 0:08:51]} Ng5
{[%clk 0:01:03]} 38. b4 {[%clk 0:07:46]} axb4 {[%clk 0:01:06]} 39. cxb4
{[%clk 0:08:15]} Qc4 {[%clk 0:01:25]} 40. Qe7 {[%clk 0:34:58]} 1-0

[Event "World Chess Olympiad 2018"]
[Site "Batumi"]
[Date "2018.09.26"]
[Round "3"]
[Board "4"]
[WhiteFideId "5300150"]
[White "Kassis Antoine"]
[BlackFideId "4500458"]
[Black "Sirosh Ilja"]
[Result "0-1"]
[LiveChessVersion "1.4.8"]
[BlackElo "2380"]
[WhiteElo "2173"]

1. e4 {[%clk 1:30:56]} e5 {[%clk 1:30:54]} 2. Nf3 {[%clk 1:31:10]} Nc6
{[%clk 1:31:14]} 3. Bc4 {[%clk 1:31:04]} Bc5 {[%clk 1:31:36]} 4. O-O
{[%clk 1:30:42]} Nf6 {[%clk 1:31:58]} 5. d4 {[%clk 1:30:00]} Bxd4
{[%clk 1:32:03]} 6. Nxd4 {[%clk 1:29:58]} Nxd4 {[%clk 1:32:26]} 7. f4
{[%clk 1:29:59]} d6 {[%clk 1:32:46]} 8. fxe5 {[%clk 1:29:01]} dxe5
{[%clk 1:33:10]} 9. Bg5 {[%clk 1:29:14]} Qe7 {[%clk 1:33:16]} 10. Na3
{[%clk 1:23:05]} Rg8 {[%clk 1:33:24]} 11. Kh1 {[%clk 1:12:43]} Bd7
{[%clk 1:25:24]} 12. Qd2 {[%clk 1:02:35]} O-O-O {[%clk 1:16:28]} 13. Qf2
{[%clk 0:44:48]} Be6 {[%clk 0:39:38]} 14. c3 {[%clk 0:24:29]} Nc6
{[%clk 0:33:02]} 15. Bxf6 {[%clk 0:23:46]} gxf6 {[%clk 0:27:54]} 16. Qxf6
{[%clk 0:19:03]} Rd2 {[%clk 0:19:29]} 17. Qxe7 {[%clk 0:17:13]} Nxe7
{[%clk 0:19:21]} 18. Bxe6+ {[%clk 0:17:31]} fxe6 {[%clk 0:19:50]} 19. g3
{[%clk 0:16:44]} Rxb2 {[%clk 0:14:56]} 20. Rf7 {[%clk 0:15:40]} Nc6
{[%clk 0:15:22]} 21. Rd1 {[%clk 0:10:15]} Rxa2 {[%clk 0:12:30]} 22. Nb5
{[%clk 0:09:18]} a6 {[%clk 0:12:48]} 23. Nxc7 {[%clk 0:08:31]} Nd8
{[%clk 0:12:16]} 24. Rxh7 {[%clk 0:07:02]} Rc2 {[%clk 0:10:48]} 25. Na8
{[%clk 0:03:43]} Rxc3 {[%clk 0:09:12]} 26. Nb6+ {[%clk 0:04:03]} Kb8
{[%clk 0:09:41]} 27. Nd7+ {[%clk 0:03:35]} Ka7 {[%clk 0:09:37]} 28. Nxe5
{[%clk 0:04:02]} a5 {[%clk 0:08:38]} 29. Rhd7 {[%clk 0:01:38]} Nc6
{[%clk 0:07:51]} 30. Nf7 {[%clk 0:01:24]} Rg7 {[%clk 0:05:53]} 31. Rb1
{[%clk 0:01:10]} Nd8 {[%clk 0:04:56]} 32. Rxd8 {[%clk 0:01:06]} Rxf7
{[%clk 0:05:25]} 33. Re8 {[%clk 0:01:00]} Rc2 {[%clk 0:01:14]} 34. Rxe6
{[%clk 0:00:39]} Rff2 {[%clk 0:01:43]} 35. Rh6 {[%clk 0:00:59]} a4
{[%clk 0:01:52]} 36. Rh7 {[%clk 0:01:04]} Rb2 {[%clk 0:02:10]} 37. Ra1
{[%clk 0:01:26]} Kb6 {[%clk 0:02:11]} 38. Kg1 {[%clk 0:00:37]} Rfe2
{[%clk 0:02:32]} 39. e5 {[%clk 0:00:33]} a3 {[%clk 0:02:21]} 40. Kf1
{[%clk 0:30:37]} a2 {[%clk 0:32:19]} 41. Rh6+ {[%clk 0:24:38]} Ka7
{[%clk 0:23:50]} 42. e6 {[%clk 0:23:57]} Rec2 {[%clk 0:23:26]} 0-1

[Event "World Chess Olympiad 2018"]
[Site "Batumi"]
[Date "2018.09.26"]
[Round "3"]
[Board "1"]
[WhiteFideId "3900258"]
[White "Ynojosa Aponte Felix Jose"]
[BlackFideId "7603991"]
[Black "Gnaam Koteba."]
[Result "1/2-1/2"]
[LiveChessVersion "1.4.8"]
[BlackElo "2061"]
[WhiteElo "2370"]

1. c4 {[%clk 1:30:59]} c6 {[%clk 1:30:39]} 2. e4 {[%clk 1:31:25]} d5
{[%clk 1:29:55]} 3. cxd5 {[%clk 1:31:49]} cxd5 {[%clk 1:30:04]} 4. exd5
{[%clk 1:32:14]} Qxd5 {[%clk 1:30:08]} 5. Nc3 {[%clk 1:32:39]} Qd8
{[%clk 1:29:03]} 6. d4 {[%clk 1:33:04]} e6 {[%clk 1:28:12]} 7. Nf3
{[%clk 1:33:20]} Nf6 {[%clk 1:28:26]} 8. Bd3 {[%clk 1:31:23]} Nc6
{[%clk 1:27:49]} 9. O-O {[%clk 1:31:43]} Be7 {[%clk 1:27:19]} 10. a3
{[%clk 1:27:04]} O-O {[%clk 1:26:47]} 11. Be3 {[%clk 1:25:33]} Re8
{[%clk 1:20:08]} 12. Qc2 {[%clk 1:22:56]} h6 {[%clk 1:19:07]} 13. Rad1
{[%clk 1:21:31]} Nd5 {[%clk 1:08:55]} 14. Nxd5 {[%clk 1:21:46]} exd5
{[%clk 1:07:16]} 15. Ne5 {[%clk 1:22:10]} Nxe5 {[%clk 1:02:20]} 16. dxe5
{[%clk 1:22:36]} Be6 {[%clk 0:59:34]} 17. f4 {[%clk 1:23:00]} Rc8
{[%clk 0:58:51]} 18. Qf2 {[%clk 1:23:21]} d4 {[%clk 0:53:47]} 19. Bxd4
{[%clk 1:22:34]} Qxd4 {[%clk 0:47:33]} 20. Qxd4 {[%clk 1:21:20]} Bc5
{[%clk 0:47:55]} 21. Be4 {[%clk 1:21:38]} g6 {[%clk 0:39:02]} 22. Qf2
{[%clk 1:17:40]} Bxf2+ {[%clk 0:36:41]} 23. Kxf2 {[%clk 1:18:04]} b5
{[%clk 0:31:54]} 24. Kf3 {[%clk 1:16:03]} h5 {[%clk 0:31:16]} 25. h3
{[%clk 1:16:28]} b4 {[%clk 0:26:57]} 26. a4 {[%clk 1:06:06]} h4 {[%clk 0:20:57]}
27. Rd4 {[%clk 1:03:44]} a5 {[%clk 0:18:41]} 28. Bd5 {[%clk 1:00:38]} Rc2
{[%clk 0:17:03]} 29. Bxe6 {[%clk 0:59:38]} Rxe6 {[%clk 0:17:20]} 30. Rf2
{[%clk 0:56:45]} Rec6 {[%clk 0:11:34]} 31. Rdd2 {[%clk 0:56:33]} b3
{[%clk 0:10:09]} 32. Rd5 {[%clk 0:56:56]} R6c4 {[%clk 0:05:17]} 33. Rfd2
{[%clk 0:50:59]} Rxd2 {[%clk 0:05:08]} 34. Rxd2 {[%clk 0:51:26]} Rxa4
{[%clk 0:05:29]} 35. Rd8+ {[%clk 0:51:28]} Kg7 {[%clk 0:05:38]} 36. Rb8
{[%clk 0:51:54]} g5 {[%clk 0:02:01]} 37. fxg5 {[%clk 0:51:10]} Kg6
{[%clk 0:02:25]} 38. Rxb3 {[%clk 0:50:37]} Kxg5 {[%clk 0:02:45]} 39. Rb7
{[%clk 0:47:32]} Kg6 {[%clk 0:01:39]} 40. b3 {[%clk 1:17:48]} Ra2
{[%clk 0:31:31]} 41. b4 {[%clk 1:07:37]} Ra3+ {[%clk 0:31:27]} 42. Kg4
{[%clk 0:49:02]} Ra4 {[%clk 0:29:45]} 43. Rb6+ {[%clk 0:49:25]} Kg7
{[%clk 0:30:01]} 44. Kf5 {[%clk 0:49:51]} Rxb4 {[%clk 0:26:51]} 45. Ra6
{[%clk 0:49:48]} Rb5 {[%clk 0:24:43]} 46. Ra7 {[%clk 0:50:04]} Rc5
{[%clk 0:24:43]} 47. Rd7 {[%clk 0:48:22]} Rc2 {[%clk 0:13:05]} 48. e6
{[%clk 0:47:09]} Rf2+ {[%clk 0:13:08]} 49. Kg4 {[%clk 0:41:56]} Rxg2+
{[%clk 0:13:24]} 50. Kf3 {[%clk 0:41:33]} Rg3+ {[%clk 0:13:22]} 51. Kf4
{[%clk 0:41:59]} Kf8 {[%clk 0:13:29]} 52. Rxf7+ {[%clk 0:34:29]} 1/2-1/2

[Event "World Chess Olympiad 2018"]
[Site "Batumi"]
[Date "2018.09.26"]
[Round "3"]
[Board "2"]
[WhiteFideId "7601948"]
[White "Chekh Adm Khedr Aram"]
[BlackFideId "3902501"]
[Black "Zavarce Sayago Oscar Enrique"]
[Result "0-1"]
[LiveChessVersion "1.4.8"]
[BlackElo "2346"]
[WhiteElo "2171"]

1. e4 {[%clk 1:30:56]} c5 {[%clk 1:30:52]} 2. Nf3 {[%clk 1:31:22]} e6
{[%clk 1:29:25]} 3. d4 {[%clk 1:31:48]} cxd4 {[%clk 1:29:49]} 4. Nxd4
{[%clk 1:32:17]} a6 {[%clk 1:29:37]} 5. Nc3 {[%clk 1:32:34]} b5 {[%clk 1:27:10]}
6. a3 {[%clk 1:19:15]} Bb7 {[%clk 1:23:12]} 7. Bd3 {[%clk 1:19:14]} Qb6
{[%clk 1:10:33]} 8. Nb3 {[%clk 1:18:09]} Qc7 {[%clk 1:10:55]} 9. O-O
{[%clk 1:18:16]} Nf6 {[%clk 1:11:17]} 10. Qe2 {[%clk 1:17:28]} d6
{[%clk 1:08:24]} 11. Bd2 {[%clk 1:17:26]} Nc6 {[%clk 1:08:24]} 12. f4
{[%clk 1:17:35]} Be7 {[%clk 1:07:24]} 13. Kh1 {[%clk 1:14:59]} O-O
{[%clk 0:54:05]} 14. Rae1 {[%clk 1:07:40]} Rfe8 {[%clk 0:36:45]} 15. Rf3
{[%clk 1:05:38]} Nd7 {[%clk 0:22:41]} 16. Rh3 {[%clk 1:01:47]} g6
{[%clk 0:22:44]} 17. Rf1 {[%clk 0:40:14]} Bf8 {[%clk 0:15:25]} 18. Qf2
{[%clk 0:37:00]} Qd8 {[%clk 0:11:29]} 19. Qg3 {[%clk 0:29:15]} Bg7
{[%clk 0:11:30]} 20. f5 {[%clk 0:27:51]} Nce5 {[%clk 0:11:47]} 21. Bg5
{[%clk 0:27:52]} Bf6 {[%clk 0:00:42]} 22. Bxf6 {[%clk 0:16:08]} Nxf6
{[%clk 0:01:10]} 23. Nd4 {[%clk 0:11:27]} Nfg4 {[%clk 0:00:34]} 24. Rh4
{[%clk 0:07:13]} Qb6 {[%clk 0:00:34]} 25. Nce2 {[%clk 0:05:51]} exf5
{[%clk 0:00:44]} 26. Nxf5 {[%clk 0:02:51]} gxf5 {[%clk 0:00:41]} 27. Rxf5
{[%clk 0:03:20]} Bc8 {[%clk 0:00:34]} 28. Rxg4+ {[%clk 0:00:39]} Nxg4
{[%clk 0:00:58]} 29. Qxg4+ {[%clk 0:01:09]} Kf8 {[%clk 0:01:16]} 30. Qh4
{[%clk 0:00:36]} Bxf5 {[%clk 0:01:39]} 31. exf5 {[%clk 0:01:04]} Qe3
{[%clk 0:01:23]} 32. f6 {[%clk 0:00:46]} h6 {[%clk 0:01:13]} 33. Qg4
{[%clk 0:00:32]} Qg5 {[%clk 0:01:37]} 34. Qf3 {[%clk 0:00:59]} Rac8
{[%clk 0:01:03]} 35. g3 {[%clk 0:00:34]} Re6 {[%clk 0:01:03]} 36. Qb7
{[%clk 0:00:31]} Rce8 {[%clk 0:01:19]} 37. Nf4 {[%clk 0:00:43]} Rxf6
{[%clk 0:01:24]} 38. Qxa6 {[%clk 0:01:04]} Re5 {[%clk 0:00:34]} 39. Qc8+
{[%clk 0:00:43]} Kg7 {[%clk 0:01:01]} 40. Qc3 {[%clk 0:30:52]} Qg4
{[%clk 0:30:36]} 41. Qd2 {[%clk 0:29:54]} h5 {[%clk 0:22:24]} 42. Kg2
{[%clk 0:27:03]} h4 {[%clk 0:19:15]} 43. Kf2 {[%clk 0:27:07]} hxg3+
{[%clk 0:14:57]} 44. hxg3 {[%clk 0:27:36]} Qh3 {[%clk 0:09:48]} 45. Bf1
{[%clk 0:28:01]} Qh2+ {[%clk 0:02:10]} 46. Bg2 {[%clk 0:28:29]} Re4
{[%clk 0:02:03]} 47. Kf3 {[%clk 0:28:04]} d5 {[%clk 0:01:56]} 48. b3
{[%clk 0:26:56]} Qg1 {[%clk 0:01:09]} 49. a4 {[%clk 0:25:33]} bxa4
{[%clk 0:01:38]} 50. bxa4 {[%clk 0:26:02]} Qc5 {[%clk 0:00:42]} 51. a5
{[%clk 0:26:08]} Rc4 {[%clk 0:00:35]} 52. Kg4 {[%clk 0:25:59]} Qc8+
{[%clk 0:00:52]} 53. Kf3 {[%clk 0:25:40]} Rc3+ {[%clk 0:01:12]} 0-1

[Event "World Chess Olympiad 2018"]
[Site "Batumi"]
[Date "2018.09.26"]
[Round "3"]
[Board "3"]
[WhiteFideId "3902480"]
[White "Vivas Zamora Fabian Ernesto"]
[BlackFideId "7603495"]
[Black "Koniahli Malek."]
[Result "1-0"]
[LiveChessVersion "1.4.8"]
[BlackElo "2328"]
[WhiteElo "2363"]

1. e4 {[%clk 1:30:52]} c6 {[%clk 1:30:46]} 2. d4 {[%clk 1:30:49]} d5
{[%clk 1:31:10]} 3. exd5 {[%clk 1:30:54]} cxd5 {[%clk 1:31:38]} 4. c4
{[%clk 1:31:12]} Nf6 {[%clk 1:31:57]} 5. Nc3 {[%clk 1:31:31]} e6 {[%clk 1:32:21]}
6. Nf3 {[%clk 1:31:43]} Be7 {[%clk 1:32:30]} 7. Bd3 {[%clk 1:27:12]} dxc4
{[%clk 1:32:40]} 8. Bxc4 {[%clk 1:27:40]} Nc6 {[%clk 1:32:25]} 9. O-O
{[%clk 1:27:38]} O-O {[%clk 1:32:50]} 10. Re1 {[%clk 1:23:50]} b6
{[%clk 1:25:47]} 11. a3 {[%clk 1:11:53]} Bb7 {[%clk 1:24:15]} 12. Ba2
{[%clk 1:11:02]} Rc8 {[%clk 1:22:47]} 13. Qd3 {[%clk 1:03:29]} Rc7
{[%clk 0:51:23]} 14. Bg5 {[%clk 0:53:44]} Rd7 {[%clk 0:22:47]} 15. Rad1
{[%clk 0:50:14]} Nd5 {[%clk 0:19:49]} 16. Bb1 {[%clk 0:37:03]} g6
{[%clk 0:20:05]} 17. Bh6 {[%clk 0:35:39]} Re8 {[%clk 0:16:13]} 18. Nxd5
{[%clk 0:23:03]} Rxd5 {[%clk 0:11:03]} 19. Qe3 {[%clk 0:15:30]} Bf6
{[%clk 0:05:19]} 20. Ba2 {[%clk 0:09:22]} Bxd4 {[%clk 0:02:51]} 21. Bxd5
{[%clk 0:09:30]} Bxe3 {[%clk 0:03:04]} 22. Bxc6 {[%clk 0:09:59]} Qb8
{[%clk 0:01:25]} 23. Bxe8 {[%clk 0:08:52]} Bxh6 {[%clk 0:01:41]} 24. Rd7
{[%clk 0:07:38]} Bc6 {[%clk 0:00:32]} 25. Bxf7+ {[%clk 0:07:53]} Kg7
{[%clk 0:00:31]} 26. Re7 {[%clk 0:08:01]} Kf8 {[%clk 0:00:31]} 27. Ne5
{[%clk 0:04:10]} Ba4 {[%clk 0:00:33]} 28. Nd7+ {[%clk 0:02:31]} Bxd7
{[%clk 0:00:35]} 29. Rxd7 {[%clk 0:02:59]} Bg5 {[%clk 0:00:32]} 30. Bxe6
{[%clk 0:03:17]} Be7 {[%clk 0:00:31]} 31. Bd5 {[%clk 0:03:22]} Qc8
{[%clk 0:00:31]} 32. Rdxe7 {[%clk 0:03:43]} 1-0